000
00247nam a2200097Ia 4500
001
687174
005
20250826161550.0
008
250824s9999 xx 000 0 und d
245
0
_a
ALBÜM YAPRAĞI
_c
KATHERİNE MANSFİELD
260
_b
TİMAŞ YAYINLARI
999
_c
687174
_d
687174